| 000 -LEADER |
| fixed length control field |
00712nam a22001937a 4500 |
| 005 - DATE AND TIME OF LATEST TRANSACTION |
| control field |
20231226173212.0 |
| 008 - FIXED-LENGTH DATA ELEMENTS--GENERAL INFORMATION |
| fixed length control field |
231226s2002 ru ||||| |||| 00| 0 rus d |
| 020 ## - INTERNATIONAL STANDARD BOOK NUMBER |
| International Standard Book Number |
5945381160 |
| 041 ## - LANGUAGE CODE |
| Language code of text/sound track or separate title |
rus |
| 080 ## - UNIVERSAL DECIMAL CLASSIFICATION NUMBER |
| Universal Decimal Classification number |
902(100)(091) Н-61 |
| 100 ## - MAIN ENTRY--PERSONAL NAME |
| Personal name |
Низовский, А. |
| 9 (RLIN) |
20892 |
| 245 ## - TITLE STATEMENT |
| Title |
Сто великих археологических открытий / |
| Statement of responsibility, etc. |
А.Ю. Низовский |
| 264 ## - PRODUCTION, PUBLICATION, DISTRIBUTION, MANUFACTURE, AND COPYRIGHT NOTICE |
| Place of production, publication, distribution, manufacture |
Москва : |
| Name of producer, publisher, distributor, manufacturer |
Вече, |
| Date of production, publication, distribution, manufacture, or copyright notice |
2002. |
| 300 ## - PHYSICAL DESCRIPTION |
| Extent |
543 с. : |
| Other physical details |
ил. ; |
| Dimensions |
22. |
| 440 ## - SERIES STATEMENT/ADDED ENTRY--TITLE |
| Title |
100 великих |
| 9 (RLIN) |
20893 |
| 653 ## - INDEX TERM--UNCONTROLLED |
| keyword |
ასი უდიდესი არქეოლოგიური აღმოჩენა |
| 653 ## - INDEX TERM--UNCONTROLLED |
| keyword |
არქეოლოგია |
| 942 ## - ADDED ENTRY ELEMENTS (KOHA) |
| Source of classification or shelving scheme |
|
| Koha item type |
წიგნი |